| 000 | 00945nam a2200265 a 4500 | ||
|---|---|---|---|
| 001 | 000014607 | ||
| 005 | 20200120221932.0 | ||
| 008 | 000519s1998 ck a gr 000 f spa d | ||
| 020 | _a9580445273 | ||
| 041 | _aspa | ||
| 090 |
_aN _bBOJcu |
||
| 100 | 0 | _aBojunga Nuñez, Lygia | |
| 245 | 1 | 0 |
_aCuerda floja / _cLygia Bojunga ; traducción : Elkin Obregón ; ilustraciones Alejandro Ortiz ; traducción Elkin Obregón. |
| 250 | _a1a. ed. | ||
| 260 |
_aBogotá : _bNorma, _c1998. |
||
| 300 |
_a174p. : _bil. |
||
| 490 | 0 | _aTorre de papel | |
| 500 | _aEj. 1 C. D. Salud, 5a. reimp., 2004 | ||
| 500 | _aEj. 1 de Biblioparque Funza: colección proveniente de la Antigua Biblioteca Municipal de Funza, Centro Cultural Bacatá, Funza (Cundinamarca). | ||
| 650 | 1 | 4 | _aLiteratura infantil brasileña |
| 650 | 2 | 4 | _aNovela infantil brasilena |
| 700 | 1 |
_aObregón, Elkin, _etr. |
|
| 700 | 1 |
_aOrtiz, Alejandro, _eil. |
|
| 700 | 1 |
_aObregón, Elkin, _etr. |
|
| 999 |
_c875 _d875 |
||